BSOP header

Anna Karenina (Record no. 50548)

MARC details
000 -LEADER
fixed length control field 00953cam a22002898a 4500
001 - CONTROL NUMBER
control field les97052101
003 - CONTROL NUMBER IDENTIFIER
control field DLC
005 - DATE AND TIME OF LATEST TRANSACTION
control field 20220304133937.0
008 - FIXED-LENGTH DATA ELEMENTS--GENERAL INFORMATION
fixed length control field 970521s1991 nyu 00011 eng
010 ## - LIBRARY OF CONGRESS CONTROL NUMBER
LC control number 91053196
020 ## - INTERNATIONAL STANDARD BOOK NUMBER
International Standard Book Number 9788171670628
100 10 - MAIN ENTRY--PERSONAL NAME
Personal name Tolstoy, Leo,
Titles and other words associated with a name graf,
Dates associated with a name 1828-1910.
240 10 - UNIFORM TITLE
Uniform title <a href="Anna Karenina.">Anna Karenina.</a>
Language of a work English
245 10 - TITLE STATEMENT
Title Anna Karenina
Medium [electronic resource] /
Statement of responsibility, etc Leo Tolstoy ; translated by Constance Garnett.
260 0# - PUBLICATION, DISTRIBUTION, ETC. (IMPRINT)
Place of publication, distribution, etc New Delhi:
Name of publisher, distributor, etc Rupa Publication India Pvt. Ltd,
Date of publication, distribution, etc c2000.
300 ## - PHYSICAL DESCRIPTION
Extent 994 p. ;
Dimensions 21 cm.
336 ## - CONTENT TYPE
Content Type Term text
337 ## - MEDIA TYPE
Media Type Term computer
338 ## - CARRIER TYPE
Carrier Type Term online resource
500 ## - GENERAL NOTE
General note Translation of: Anna Karenina.
651 #0 - SUBJECT ADDED ENTRY--GEOGRAPHIC NAME
Geographic name Russia
General subdivision Social life and customs
Chronological subdivision 1533-1917
General subdivision Fiction.
655 #7 - INDEX TERM--GENRE/FORM
Genre/form data or focus term Love stories.
Source of term gsafd
655 #7 - INDEX TERM--GENRE/FORM
Genre/form data or focus term Allegories.
Source of term gsafd
655 #4 - INDEX TERM--GENRE/FORM
Genre/form data or focus term Electronic books
856 ## - ELECTRONIC LOCATION AND ACCESS
Uniform Resource Identifier <a href="https://drive.google.com/file/d/1G1RbVZd1NEu-N0MdrlNpipIO5ZIEYagd/view?usp=sharing">https://drive.google.com/file/d/1G1RbVZd1NEu-N0MdrlNpipIO5ZIEYagd/view?usp=sharing</a>
942 ## - ADDED ENTRY ELEMENTS (KOHA)
Source of classification or shelving scheme Library of Congress Classification
Item type eBooks
Holdings
Withdrawn status Lost status Source of classification or shelving scheme Damaged status Not for loan Home library Current library Date acquired Inventory number Total Checkouts Date last seen Price effective from Koha item type
    Library of Congress Classification     BSOP Library Digital Library 05/09/2024 eB-00250   05/09/2024 05/09/2024 eBooks
BSOP

Biblical Seminary of the Philippines
  All rights Reserved
  © 2024

CONTACT INFORMATION

Biblical Seminary of the Philippines,
  77-B Karuhatan Road, Valenzuela City,
  PHILIPPINES 1441
  Phone: +632 8292-6795 / 8292-6798
  Fax : +632 8292-6675
  Email: library@bsop.edu.ph